[Event "Cannes op"]
[Site "Cannes"]
[Date "1995.??.??"]
[Round "4"]
[White "Minasian, Artashes"]
[Black "Lupu, Mircea Sergiu"]
[Result "1-0"]
[WhiteElo "2540"]
[BlackElo "2475"]

1.e4 c5 2.Nc3 e6 3.Nge2 Nc6 4.d4 cxd4 5.Nxd4 d6 6.f4 Nf6 7.Nf3 Be7 8.Bd3 Nb4
9.O-O Nxd3 10.cxd3 O-O 11.Kh1 Bd7 12.Bd2 Qb6 13.Rb1 Rac8 14.Qe2 Rfe8 15.Be3 Qa6
16.Bd4 Bb5 17.Rbd1 Bc6 18.Qf2 b6 19.Ng5 Qb7 20.Rd2 Bd8 21.Qg3 e5 22.Be3 h6
23.Nh3 Kf8 24.Rdf2 b5 25.fxe5 dxe5 26.Bc5+ Be7 27.Qxe5 Bxe4 28.Nxe4 Bxc5
29.Nxc5 Qc6 30.Rxf6 gxf6 31.Qf4 Qxc5 32.Qxf6 Kg8 33.Qxf7+ Kh8 34.Qf6+ Kh7
35.Qf7+ Kh8 36.Nf4 Rg8 37.Ng6+ Rxg6 38.Qxg6 Qc6  1-0

[Event "Cannes Martinez op"]
[Site "Cannes"]
[Date "1995.??.??"]
[Round "5"]
[White "Lanka, Zigurds"]
[Black "Cebalo, Miso"]
[Result "1-0"]
[WhiteElo "2480"]
[BlackElo "2515"]

1.e4 c5 2.Nf3 e6 3.d4 cxd4 4.Nxd4 Nc6 5.Nc3 d6 6.g4 Nge7 7.Be3 a6 8.Nb3 b5
9.Qe2 Ng6 10.O-O-O Be7 11.f4 Qc7 12.g5 Bb7 13.Qf2 Rc8 14.Bg2 Bd8 15.h4 Na5
16.h5 Ne7 17.Nxa5 Qxa5 18.Rxd6 Rxc3 19.Rxd8+ Qxd8 20.bxc3 Qc7 21.h6 gxh6
22.Bd4 Rg8 23.Rd1 f5 24.gxf6 Ng6 25.Be5 Nxe5 26.fxe5 Kf7 27.Bh3 Bc8 28.Rg1 Rg5
29.Bg4 Bd7 30.Qd4 Rxe5 31.Bh5+ Rxh5 32.Rg7+ Kf8 33.Rxd7 Qc5 34.Kb2 b4 35.Rd8+ Kf7
36.Rd7+ Kf8 37.Qxc5+ Rxc5 38.cxb4 Rc4 39.Kb3 Rxe4 40.Rxh7 Re3+ 41.c3  1-0

[Event "Cannes op"]
[Site "Cannes"]
[Date "1995.??.??"]
[Round "7"]
[White "Cappareli, Guillermo"]
[Black "Rosandic, Denis"]
[Result "1-0"]
[WhiteElo "2315"]
[BlackElo "2385"]

1.e4 c5 2.Nf3 Nc6 3.Nc3 e6 4.d4 cxd4 5.Nxd4 Nf6 6.g3 Bb4 7.Bg2 d5 8.exd5 Nxd5
9.O-O O-O 10.Nxd5 exd5 11.c3 Be7 12.Bf4 Qb6 13.Bxd5 Nxd4 14.Qxd4 Qxd4 15.cxd4 Rd8
16.Bf3 Rxd4 17.Rfe1 Kf8 18.Be5 Rb4 19.Bc3 Rb6 20.Bxg7+ Kxg7 21.Rxe7 Be6 22.b3 Rb8
23.Rc1 Kf6 24.Rec7 Rb4 25.R1c5 a6 26.Rh5 Kg6 27.Ra5 Re8 28.Kg2 Rb8 29.h4 h6
30.Re5 Kf6 31.Re3 a5 32.Bh5 Rf8 33.Bf3 Rb8 34.Bh5 Rf8 35.Bf3 Rb8 36.Re4 Rxe4
37.Bxe4 b6 38.Kf3 a4 39.bxa4 Bxa2 40.Kf4 Bb3 41.Rc6+ Kg7 42.Bc2 Bxc2 43.Rxc2 Ra8
44.Rc4 Ra5 45.Rb4 Kf8 46.Ke4 Ke7 47.g4 Kf8 48.f4 Kg7 49.Kd4 f6 50.Kc4 Rc5+
51.Kb3 Rc1 52.f5 Rh1 53.h5 Rg1 54.Rd4 Kf7 55.Kc4 Rb1 56.Rd7+ Ke8 57.Ra7 Rg1
58.Kd5 Rxg4 59.Ke6 Kd8 60.Kxf6 Rg2 61.Kf7 Rg5 62.f6 Rxh5 63.Ke6  1-0

[Event "Cannes Martinez op"]
[Site "Cannes"]
[Date "1995.??.??"]
[Round "7"]
[White "Guyot, Philippe"]
[Black "Cebalo, Miso"]
[Result "0-1"]
[WhiteElo "2245"]
[BlackElo "2515"]

1.e4 c5 2.Nf3 e6 3.d4 cxd4 4.Nxd4 Nc6 5.Nc3 d6 6.Bc4 Nf6 7.Be3 Be7 8.Bb3 O-O
9.Rg1 d5 10.exd5 exd5 11.Nxc6 bxc6 12.Qd2 Ng4 13.Bf4 Bc5 14.O-O-O Nxf2 15.Rde1 Bf5
16.Rgf1 Ne4 17.Nxe4 Bxe4 18.Be5 Qe7 19.Qc3 Bb4 20.Qg3 f5 21.c3 Bc5 22.Ba4 Rae8
23.Bf4 Qf6 24.Re2 Re6 25.Rfe1 h6 26.h4 Kh7 27.Qh3 Qg6 28.Bb3 Re7 29.Qh2 Rfe8
30.Ba4 d4 31.cxd4 Bxd4 32.Bc2 c5 33.Bxe4 Rxe4 34.Rxe4 fxe4 35.g3 Qa6 36.Kb1 Qd3+
37.Qc2 c4 38.b3 Re6 39.Rd1 Qxc2+ 40.Kxc2 cxb3+ 41.Kxb3 Bf2 42.Rd2 e3 43.Re2 Kg6
44.g4 h5 45.gxh5+ Kxh5 46.Kc2 Kxh4  0-1

[Event "Cannes op"]
[Site "Cannes"]
[Date "1995.??.??"]
[Round "8"]
[White "Minasian, Artashes"]
[Black "Rotstein, Arkadij"]
[Result "1-0"]
[WhiteElo "2540"]
[BlackElo "2490"]

1.e4 c5 2.Nc3 Nc6 3.Nf3 e6 4.d4 cxd4 5.Nxd4 Qc7 6.Be2 Nf6 7.O-O a6 8.Kh1 Bb4
9.Bg5 Qd6 10.Nxc6 Qxd1 11.Nxd1 bxc6 12.e5 Ne4 13.Be3 f6 14.f3 Ng5 15.Nf2 Nf7
16.Nd3 Be7 17.f4 a5 18.c4 Rb8 19.Bd4 Ba6 20.Rac1 fxe5 21.fxe5 O-O 22.Rfd1 Rfc8
23.Bc5 Bxc5 24.Nxc5 Rxb2 25.Bh5 Nxe5 26.Nxa6 c5 27.Rb1 Rxa2 28.Nxc5 g6 29.Nxd7 Nxd7
30.Rxd7 gxh5 31.h3 Rf2 32.Rbb7 h6 33.Rg7+ Kf8 34.Rh7 Kg8 35.Rbg7+ Kf8 36.Ra7 Kg8
37.Rxh6 Rf5 38.Rxe6 Rxc4 39.Re8+ Rf8 40.Re5 h4 41.Rg5+ Kh8 42.Rgxa5 Rff4
43.Rh5+ Kg8 44.Rg5+ Kh8 45.Rg6 Rb4 46.Rc7 Ra4 47.Rb6 Rab4 48.Rg6  1-0

[Event "Cannes Masters"]
[Site "Cannes"]
[Date "1995.??.??"]
[Round "9"]
[White "Payen, Arnaud"]
[Black "Sale, Srdjan"]
[Result "0-1"]
[WhiteElo "2380"]
[BlackElo "2390"]

1.e4 c5 2.Nf3 e6 3.Nc3 Nc6 4.d4 cxd4 5.Nxd4 Qc7 6.Be2 a6 7.O-O Nf6 8.Kh1 d6
9.f4 Be7 10.a4 O-O 11.Be3 Bd7 12.Nb3 b6 13.Bf3 Rab8 14.Qe2 Nb4 15.Rfd1 Bc6
16.Nc1 d5 17.e5 Nd7 18.Bd4 Nc5 19.Rd2 f5 20.exf6 Bxf6 21.Nd1 Ne4 22.Bxe4 dxe4
23.Be3 Rbd8 24.Na2 Nd5 25.Qxa6 Nxe3 26.Rxd8 Bxd8 27.Nxe3 Qxf4 28.Qc4 Qxe3
29.Qxe6+ Kh8 30.Qxc6 Qf4 31.Rg1 Bc7 32.g3 Qf3+ 33.Rg2 Qd1+ 34.Rg1 Qf3+ 35.Rg2 Rd8
36.Nc3 Qf1+ 37.Rg1 Qf3+ 38.Rg2 h6 39.h4 Bxg3 40.Qxb6 Rd2 41.Qg1 Bf4  0-1

[Event "Celle Ligure op"]
[Site "Celle Ligure"]
[Date "1995.??.??"]
[Round "?"]
[White "Romano, Rogelio"]
[Black "Pappalardo, Paolo"]
[Result "0-1"]
[WhiteElo "1925"]
[BlackElo "1910"]

1.e4 c5 2.Nc3 e6 3.Nf3 Nc6 4.d4 cxd4 5.Nxd4 Nf6 6.Nb3 Bb4 7.Bd3 d5 8.exd5 Nxd5
9.Bd2 Bxc3 10.bxc3 Qf6 11.c4 Nf4 12.O-O Nxd3 13.cxd3 O-O 14.Rc1 e5 15.f4 Qg6
16.Qf3 Bf5 17.Rc3 Rad8 18.Nc1 e4 19.dxe4 Rxd2 20.exf5 Qxf5 21.Qe3 Rfd8 22.Re1 h5
23.Qe4 Qc5+ 24.Qe3 Qb4 25.a3 Qb2 26.Ne2 Nd4 27.Nxd4 R8xd4 28.Qf3 Rxg2+ 29.Qxg2 Qxc3
30.Re8+ Kh7 31.Qe2 Qc1+ 32.Qe1  0-1

[Event "Celle Ligure op"]
[Site "Celle Ligure"]
[Date "1995.??.??"]
[Round "?"]
[White "Martorelli, Antonio"]
[Black "Palmiotto, Fiorentino"]
[Result "1-0"]
[WhiteElo "2240"]
[BlackElo "2075"]

1.e4 c5 2.Nf3 e6 3.d4 cxd4 4.Nxd4 Nc6 5.Nc3 a6 6.Be2 Qc7 7.O-O Be7 8.Be3 Nf6
9.f4 d6 10.Kh1 O-O 11.Bf3 Rd8 12.Qe2 Bd7 13.Qf2 Re8 14.Rae1 Nxd4 15.Bxd4 Bc6
16.e5 Nd7 17.Ne4 d5 18.Ng5 Bb5 19.Rg1 Bxg5 20.fxg5 Rac8 21.Bh5 g6 22.Bd1 Nc5
23.Re3 Ne4 24.Qf4 Rf8 25.Qh4 Qd8 26.b3 Nxg5 27.a4 Ne4 28.Qf4 Bc6 29.Rf1 Kg7
30.c4 Qe7 31.Bc2 b5 32.cxd5 exd5 33.Bxe4 dxe4 34.Rh3 h5 35.e6+ f6 36.Qg5 Rcd8
37.Rxh5 Qxe6 38.Qh6+ Kf7 39.Re5 Rh8 40.Rxe6 Rxh6 41.Rexf6+ Kg8 42.Be3 Rh5
43.Rxg6+ Kh7 44.Rxc6 Rf5  1-0

[Event "Celle Ligure op"]
[Site "Celle Ligure"]
[Date "1995.??.??"]
[Round "?"]
[White "Di Paolo, Raffaele"]
[Black "Zichichi, Alvise"]
[Result "1/2-1/2"]
[WhiteElo "2215"]
[BlackElo "2285"]

1.e4 c5 2.Nc3 Nc6 3.Nf3 e6 4.d4 cxd4 5.Nxd4 Qc7 6.g3 a6 7.Bg2 d6 8.O-O Bd7
9.a4 Be7 10.Nxc6 bxc6 11.a5 Rb8 12.Qe2 Bc8 13.f4 e5 14.b3 Nf6 15.h3 O-O 16.Be3 Nd7
17.Qc4 Bb7 18.Nd5 Qd8 19.Nb6 exf4 20.gxf4 d5 21.exd5 cxd5 22.Nxd5 Rc8 23.Qe2 Bxd5
24.Bxd5 Bf6 25.Rad1 Qxa5 26.Bb7 Rc7 27.Bxa6 Re8 28.Bc4 Nb6 29.Bxb6 Qxb6+
30.Qf2 Qb4 31.Rfe1 Rec8 32.Kg2 g6 33.Re4 Kg7 34.Qe3 Qb7 35.Qf3 Qa8 36.Re2 Qa3
37.Qg4 h5 38.Qf3 h4 39.Qg4 Qa8+ 40.Bd5 Qb8 41.Be4 Rc3 42.Bd3 Rd8 43.Kh1 Rd4
44.Rf1 Rdxd3 45.cxd3 Qxb3 46.Re3 Rxd3 47.Rxd3 Qxd3 48.Qf3 Qf5  1/2-1/2

[Event "Ceske Budejovice op"]
[Site "Ceske Budejovice"]
[Date "1995.??.??"]
[Round "3"]
[White "Simic, Dragan"]
[Black "Cherevatenko, Roman"]
[Result "0-1"]
[WhiteElo "2255"]
[BlackElo "2420"]

1.e4 c5 2.Nf3 e6 3.d4 cxd4 4.Nxd4 Nc6 5.Nc3 Qc7 6.g3 a6 7.Bg2 Nf6 8.O-O Be7
9.a4 O-O 10.Nb3 d6 11.h3 Bd7 12.Be3 Na5 13.Nxa5 Qxa5 14.Qd2 Qc7 15.a5 Bc6
16.Rfe1 Rac8 17.Bb6 Qb8 18.Nd5 Bxd5 19.exd5 e5 20.f4 Nd7 21.fxe5 Nxb6 22.axb6 dxe5
23.Kh1 Bc5 24.Qe2 Rce8 25.g4 Qd6 26.Be4 Bxb6 27.Rf1 g6 28.Rf3 Bd8 29.Raf1 Bg5
30.Qf2 Bf4 31.Rb3 b5 32.c4 Rc8 33.cxb5 axb5 34.Rxb5 Rc4 35.Rb6 Qd8 36.Bg2 Rd4
37.Rb3 Qa5 38.Qf3 Qa4 39.Rd3 Rc8 40.Rxd4 Qxd4 41.Rd1 Qxb2 42.Re1 Rc3  0-1

[Event "Ceske Budejovice op"]
[Site "Ceske Budejovice"]
[Date "1995.??.??"]
[Round "6"]
[White "Bielczyk, Jacek"]
[Black "Tunik, Gennady"]
[Result "1/2-1/2"]
[WhiteElo "2345"]
[BlackElo "2515"]

1.e4 c5 2.Nf3 e6 3.d4 cxd4 4.Nxd4 Nc6 5.Nc3 a6 6.g3 Nge7 7.Bg2 Nxd4 8.Qxd4 Nc6
9.Qd1 Be7 10.O-O O-O 11.Be3 Rb8 12.Qe2 b5 13.Rfd1 Ne5 14.Ba7 Rb7 15.Bd4 Qc7
16.f4 Nc4 17.b3 Na3 18.Rac1 Bc5 19.Qe3 Bxd4 20.Qxd4 f6 21.Rd3 Qb6 22.Ne2 Qxd4+
23.Nxd4 Rc7 24.c4 Bb7 25.Nc2 Nxc2 26.Rxc2 Kf7 27.c5 a5 28.a3 Ke7 29.Rd6 Bc6
30.e5 fxe5 31.fxe5 Rf5 32.Bxc6 dxc6 33.b4 axb4 34.axb4 Rxe5 35.Ra2 Rd5 36.Rxd5 exd5
37.Kf2 Ke6 38.Ke3 Ke5 39.Ra6 g5 40.g4 Rf7 41.Rxc6 Rf4 42.Rh6 Rxb4 43.Rxh7 Rxg4
44.Re7+ Kf6 45.Rb7 b4 46.c6 Re4+ 47.Kd3 Rc4 48.c7 Kf5 49.h4 g4 50.Rxb4 Rxc7
51.Ke3 Rc4 52.Rb8 d4+ 53.Kd3 Ra4 54.h5 Kg5 55.Rh8 g3 56.h6 Kh5 57.Ke4 Ra7
58.Rg8 Re7+ 59.Kf4 Kxh6  1/2-1/2

[Event "Ceske Budejovice op"]
[Site "Ceske Budejovice"]
[Date "1995.??.??"]
[Round "9"]
[White "Kaderabek, Jiri"]
[Black "Cherevatenko, Roman"]
[Result "1/2-1/2"]
[WhiteElo "2200"]
[BlackElo "2420"]

1.e4 c5 2.Nf3 e6 3.d4 cxd4 4.Nxd4 Nc6 5.Nc3 Nf6 6.Ndb5 d6 7.Be2 a6 8.Nd4 Be7
9.Be3 O-O 10.a4 Qc7 11.O-O Ne5 12.a5 Nc4 13.Bxc4 Qxc4 14.Na4 Qc7 15.Nb6 Rb8
16.f3 Nd7 17.Qe2 Nxb6 18.axb6 Qd8 19.Rfd1 Bd7 20.c4 Rc8 21.b4 Bf6 22.Rab1 d5
23.exd5 exd5 24.c5 Re8 25.Qf2 Bxd4 26.Bxd4 Rc6 27.Re1 Rce6  1/2-1/2

[Event "Ceuta"]
[Site "Ceuta"]
[Date "1995.??.??"]
[Round "5"]
[White "Pareja Perez, Juan F"]
[Black "Pogorelov, Ruslan"]
[Result "0-1"]
[WhiteElo "2135"]
[BlackElo "2440"]

1.e4 c5 2.Nf3 Nc6 3.Nc3 e6 4.d4 cxd4 5.Nxd4 Qc7 6.Be2 a6 7.Be3 Nf6 8.O-O Bb4
9.Nxc6 bxc6 10.Na4 O-O 11.h3 Rb8 12.c3 Be7 13.Qc2 d5 14.Nc5 Nxe4 15.Nxa6 Bxa6
16.Bxa6 f5 17.Bd3 c5 18.f3 Ng3 19.Rfe1 e5 20.b3 e4 21.fxe4 fxe4 22.Bf1 Qe5
23.Rad1 Bd6  0-1

[Event "Chicago op"]
[Site "Chicago"]
[Date "1995.??.??"]
[Round "1"]
[White "Morris, Matthew"]
[Black "Benjamin, Joel"]
[Result "0-1"]
[WhiteElo "2295"]
[BlackElo "2570"]

1.e4 c5 2.Nf3 e6 3.d4 cxd4 4.Nxd4 Nc6 5.Nc3 Qc7 6.Be2 a6 7.O-O Nf6 8.Be3 Bb4
9.Na4 Be7 10.Nxc6 bxc6 11.Nb6 Rb8 12.Nxc8 Qxc8 13.e5 Nd5 14.Bd4 c5 15.c4 cxd4
16.cxd5 Rxb2 17.Rc1 Qb8 18.d6 Bd8 19.Bxa6 Rxa2 20.Rc8 Qb6 21.Bd3 O-O 22.Qb1 Qxb1
23.Rxb1 g6 24.f4 Ba5 25.Rxf8+ Kxf8 26.Rb8+ Kg7 27.Rb7 Rd2 28.Bc4 d3 29.Rb1 Bc3
30.h3 g5 31.g3 Bd4+ 32.Kh1 Rf2 33.Bxd3 gxf4 34.gxf4 Rxf4 35.Rb7 Bxe5 36.Rxd7 Rd4
37.Be2  0-1

[Event "Chicago op"]
[Site "Chicago"]
[Date "1995.??.??"]
[Round "3"]
[White "Ivanov, Alexander V"]
[Black "Benjamin, Joel"]
[Result "1/2-1/2"]
[WhiteElo "2280"]
[BlackElo "2570"]

1.e4 c5 2.Nf3 e6 3.d4 cxd4 4.Nxd4 Nc6 5.Nc3 Qc7 6.g3 a6 7.Bg2 Nf6 8.O-O Bc5
9.Bf4 e5 10.Nb3 exf4 11.Nxc5 d6 12.Nd3 fxg3 13.hxg3 h5 14.Nd5 Qd8 15.Re1 Ng4
16.Ne3 Kf8  1/2-1/2

[Event "Clichy"]
[Site "Clichy"]
[Date "1995.??.??"]
[Round "?"]
[White "Boudre, Jean Pierre"]
[Black "Marciano, David"]
[Result "0-1"]
[WhiteElo "2380"]
[BlackElo "2455"]

1.e4 c5 2.Nf3 e6 3.d4 cxd4 4.Nxd4 Nc6 5.Nc3 Qc7 6.Be3 a6 7.Bd3 b5 8.Nxc6 Qxc6
9.O-O Bb7 10.Qe2 Nf6 11.Bd4 Be7 12.Kh1 Qd6 13.Bxf6 Bxf6 14.Nd1 Qc7 15.c3 O-O
16.f4 g6 17.Ne3 Bg7 18.Rad1 Rad8 19.Nc2 f5 20.e5 d6 21.Nd4 Bd5 22.Rfe1 dxe5
23.fxe5 Qb7 24.a3 Rf7 25.Bc2 Rfd7 26.a4 b4 27.Nb3 bxc3 28.Nc5 Bxg2+ 29.Qxg2 Qxg2+
30.Kxg2 Rd2+ 31.Kf1 Rc8 32.Rxd2 cxd2 33.Rd1 Rxc5 34.Rxd2 Bxe5 35.Bb3 Kf7
36.Kg2 Ke7 37.Ba2 a5 38.Bb1 Rc4 39.b3 Rc3  0-1

[Event "Clichy"]
[Site "Clichy"]
[Date "1995.??.??"]
[Round "?"]
[White "Apicella, Manuel"]
[Black "Marciano, David"]
[Result "1/2-1/2"]
[WhiteElo "2555"]
[BlackElo "2455"]

1.e4 c5 2.Nf3 e6 3.d4 cxd4 4.Nxd4 Nc6 5.Nc3 Qc7 6.Be2 a6 7.Be3 Nf6 8.O-O Bb4
9.Na4 Be7 10.c4 Nxe4 11.c5 O-O 12.Rc1 Rd8 13.Qc2 Nf6 14.Nb6 Rb8 15.Qa4 g6
16.Nf3 d5  1/2-1/2

[Event "Copenhagen op17"]
[Site "Copenhagen"]
[Date "1995.??.??"]
[Round "1"]
[White "Lutz, Christopher"]
[Black "Einersen, Eivind"]
[Result "1-0"]
[WhiteElo "2560"]
[BlackElo "2240"]

1.e4 c5 2.Nf3 e6 3.d4 cxd4 4.Nxd4 Nc6 5.Nc3 a6 6.Nxc6 bxc6 7.Bd3 d5 8.O-O Nf6
9.Bg5 Be7 10.e5 Nd7 11.Bxe7 Qxe7 12.Qh5 Rb8 13.b3 Nc5 14.Kh1 a5 15.f4 g6
16.Qh6 Ba6 17.Bxa6 Nxa6 18.Nd1 Nc5 19.Nf2 Qf8 20.Qh3 Nd7 21.c4 Qa3 22.cxd5 cxd5
23.Rac1 O-O 24.Rc7 Qxa2 25.Rxd7 Rxb3 26.g3 h5 27.Qh4 Rbb8 28.Kg1 a4 29.f5 exf5
30.e6 Qe2 31.exf7+ Rxf7 32.Rxf7 Kxf7 33.Qxa4 Rd8 34.Rc1 Qe7 35.Qd4 Qd6 36.Nd3 Re8
37.Nf4 Re4 38.Qh8 Qb6+ 39.Kh1 Qf6 40.Rc7+ Re7 41.Qxf6+  1-0

[Event "Copenhagen op17"]
[Site "Copenhagen"]
[Date "1995.??.??"]
[Round "3"]
[White "Furhoff, Johan"]
[Black "Auchenberg, Per"]
[Result "1-0"]
[WhiteElo "2345"]
[BlackElo "2215"]

1.e4 c5 2.Nf3 e6 3.d4 cxd4 4.Nxd4 Nc6 5.Nc3 Qc7 6.Be3 a6 7.Bd3 Nf6 8.O-O Bd6
9.Nxc6 dxc6 10.f4 e5 11.f5 h5 12.h3 Qa5 13.Qf3 Bc5 14.Qf2 Bxe3 15.Qxe3 Bd7
16.a4 h4 17.Bc4 Rd8 18.Rad1 Ke7 19.Kh2 Qb4 20.Bb3 Be8 21.Rxd8 Kxd8 22.Qg5 Rh7
23.Rd1+ Kc7 24.Qd2 Qe7 25.a5 Nd7 26.Na4 Rh6 27.Bc4 Rd6 28.Qb4 Qf6 29.Rxd6 Qxd6
30.Qe1 Qf6 31.Qe3 Qe7 32.c3 Qf6 33.b4 Qd6 34.Qf2 Qd1 35.Nb6 g5 36.fxg6 fxg6
37.Qxh4 Qd6 38.Qf2 Kd8 39.Be2 Ke7 40.Nc4 Qe6  1-0

[Event "Sommerskak"]
[Site "Copenhagen"]
[Date "1995.??.??"]
[Round "4"]
[White "Nielsen, Uffe V"]
[Black "Hellsten, Johan"]
[Result "0-1"]
[WhiteElo "2375"]
[BlackElo "2430"]

1.e4 c5 2.Nf3 e6 3.d4 cxd4 4.Nxd4 Nc6 5.Nc3 a6 6.Be2 Nge7 7.f4 Nxd4 8.Qxd4 Nc6
9.Qf2 b5 10.Be3 Bb7 11.O-O Be7 12.Rad1 O-O 13.Bb6 Qc8 14.Bf3 d6 15.Qg3 Rb8
16.Kh1 Kh8 17.Rf2 Ba8 18.Be3 Na5 19.Bd4 Rg8 20.Bh5 Qe8 21.e5 Nc6 22.Be3 g6
23.Bf3 d5 24.Rfd2 Na5 25.b3 Bb4 26.Rd3 Nc4 27.Bc1 Na3 28.Bxa3 Bxa3 29.Ne2 Rc8
30.Nd4 Qe7 31.Qe1 b4 32.Be2 Bb2 33.Qd2 Qc5 34.Nf3 Qxc2 35.Ng5 Kg7 36.Rh3 h6
37.Nf3 Qxd2 38.Nxd2 Rc1 39.Nc4 Rxd1+ 40.Bxd1 dxc4 41.bxc4 Rd8 42.Bb3  0-1

[Event "Copenhagen op17"]
[Site "Copenhagen"]
[Date "1995.??.??"]
[Round "6"]
[White "Mortensen, Erling"]
[Black "Hellsten, Johan"]
[Result "1/2-1/2"]
[WhiteElo "2500"]
[BlackElo "2420"]

1.e4 c5 2.Nf3 e6 3.d4 cxd4 4.Nxd4 Nc6 5.Nc3 a6 6.Nxc6 bxc6 7.Bd3 d5 8.O-O Nf6
9.Bf4 Bb7 10.Re1 Qa5 11.a3 Be7 12.b4 Qd8 13.e5 Nd7 14.Qg4 Bf8 15.Na4 Qc7
16.c4 d4 17.c5 g6 18.Nb2 Bg7 19.Nc4 O-O 20.Bg3 a5 21.Qxd4 Ba6 22.Nxa5 Nxc5
23.Qxc5 Bxd3 24.Nxc6 Kh8 25.a4 h5 26.Bh4 Ba6 27.b5 Bb7 28.Be7 Rfc8 29.Bd6 Qd7
30.Rec1 Bh6 31.Rc2 h4 32.a5 h3 33.a6 hxg2 34.Ra4 Bxc6 35.bxc6 Qd8 36.h4 Rxa6
37.Rxa6 Qxh4 38.Kxg2 Qg4+ 39.Kf1 Qd1+ 40.Kg2 Qg4+  1/2-1/2

[Event "Copenhagen BSF"]
[Site "Copenhagen"]
[Date "1995.??.??"]
[Round "6"]
[White "Emms, John M"]
[Black "Mortensen, Erling"]
[Result "0-1"]
[WhiteElo "2500"]
[BlackElo "2500"]

1.e4 c5 2.Nf3 Nc6 3.Nc3 e6 4.d4 cxd4 5.Nxd4 Qc7 6.Be3 a6 7.Bd3 Nf6 8.O-O Bd6
9.Nxc6 bxc6 10.f4 e5 11.f5 Be7 12.Qf3 Bb7 13.Na4 d5 14.Bb6 Qb8 15.c4 O-O
16.Kh1 Re8 17.b3 a5 18.Rac1 d4 19.Bc5 Nd7 20.Bxe7 Rxe7 21.c5 Ba6 22.Bxa6 Rxa6
23.g4 f6 24.Rg1 Ra7 25.h4 g5 26.Rg2 gxh4 27.g5 Rg7 28.g6 Nf8 29.Rcg1 Qe8
30.Qh5 hxg6 31.fxg6 Ne6 32.Rh2 Ng5 33.Rxh4 Qxg6 34.Qxg6 Rxg6 35.Nb6 Rh7 36.Rxh7 Kxh7
37.Nc4 Nxe4 38.Nxa5 d3 39.Nc4 d2 40.Ne3 Nf2+ 41.Kh2 Rxg1 42.Kxg1 d1=Q+ 43.Nxd1 Nxd1
44.a4 Nc3 45.a5 Nb5  0-1

[Event "Copenhagen BSF"]
[Site "Copenhagen"]
[Date "1995.??.??"]
[Round "10"]
[White "Hector, Jonny"]
[Black "Maksimenko, Andrei"]
[Result "1-0"]
[WhiteElo "2540"]
[BlackElo "2525"]

1.e4 c5 2.Nf3 e6 3.d4 cxd4 4.Nxd4 Nc6 5.Nc3 d6 6.f4 Nf6 7.Nf3 Be7 8.Bd3 a6
9.O-O Nd7 10.Kh1 O-O 11.Qe1 Nc5 12.Be2 b5 13.a3 b4 14.axb4 Nxb4 15.Bd1 a5
16.Be3 Ba6 17.Rf2 Qc7 18.Rd2 Rfe8 19.Nd4 Rab8 20.Bf3 Bf8 21.Ra3 e5 22.Nf5 d5
23.Nxd5 Nxd5 24.Rxd5 Bb7 25.Rxc5 Bxc5 26.Rc3 exf4 27.Rxc5 Qb6 28.Qc3 Qg6
29.Bh5 Qf6 30.Bd4 Qe6 31.Bxg7  1-0

[Event "ESP-chT"]
[Site "Cordoba"]
[Date "1995.??.??"]
[Round "2"]
[White "Fernandez Garcia, Miguel Angel"]
[Black "Teran Alvarez, Ismael"]
[Result "1-0"]
[WhiteElo "2190"]
[BlackElo "2345"]

1.e4 c5 2.Nf3 e6 3.d4 cxd4 4.Nxd4 Nc6 5.Nc3 Qc7 6.Be3 a6 7.Be2 Nf6 8.O-O Be7
9.f4 d6 10.a4 O-O 11.Nb3 b6 12.g4 Re8 13.g5 Nd7 14.Rf3 Nb4 15.Rh3 d5 16.exd5 exd5
17.Bd3 Nf8 18.f5 Bd6 19.Qf3 Re5 20.Nd4 Bd7 21.Bf4 Qc5 22.Qf2 Ree8 23.Bxd6 Qxd6
24.Rf3 Re5 25.Kh1 Nxd3 26.cxd3 f6 27.Rg1 Rae8 28.Ne6 Bxe6 29.gxf6 Bc8 30.fxg7 Nd7
31.f6 Nxf6 32.Rxf6  1-0

[Event "ESP-chT"]
[Site "Cordoba"]
[Date "1995.??.??"]
[Round "2"]
[White "Baena, Jesus"]
[Black "De la Riva Aguado, Oscar"]
[Result "0-1"]
[WhiteElo "2125"]
[BlackElo "2430"]

1.e4 c5 2.Nf3 e6 3.d4 cxd4 4.Nxd4 Nc6 5.Nc3 Qc7 6.Be2 a6 7.O-O Nf6 8.Be3 Bb4
9.f3 O-O 10.a3 Bxc3 11.bxc3 d5 12.Bd3 Ne5 13.Bf4 Nh5 14.Bxe5 Qxe5 15.g3 Qc7
16.f4 Qxc3 17.Be2 Nf6 18.Rf3 Qc5 19.e5 Ne4 20.Kg2 Bd7 21.Nb3 Qc7 22.Qd4 Qxc2
23.Kf1 Bb5 24.Bxb5 axb5  0-1

[Event "ESP-chT"]
[Site "Cordoba"]
[Date "1995.??.??"]
[Round "5"]
[White "De la Villa Garcia, Jesus Maria"]
[Black "Cramling, Pia"]
[Result "1/2-1/2"]
[WhiteElo "2490"]
[BlackElo "2520"]

1.e4 c5 2.Nf3 e6 3.d4 cxd4 4.Nxd4 Nc6 5.Nc3 a6 6.Be2 Qc7 7.O-O Nf6 8.Be3 Bb4
9.Nxc6 bxc6 10.Qd4 c5 11.Qc4 Bb7 12.a3 Bxc3 13.Qxc3 O-O 14.f3 Rfc8 15.Bg5 Ne8
16.Rfe1 Qc6 17.Rad1 d5 18.exd5 exd5 19.Bf1 Nc7 20.Qd2 a5 21.Bd3 Ne6 22.Bf5 Re8
23.Bxe6 Rxe6 24.Rxe6 fxe6 25.Bf4 a4 26.Be5 Rf8 27.Qg5 Qd7 28.Rd3 h6 29.Qg6 Qf7  1/2-1/2

[Event "ESP-chT"]
[Site "Cordoba"]
[Date "1995.??.??"]
[Round "5"]
[White "Torrecillas Martinez, Antonio"]
[Black "Manso Gil, Angel"]
[Result "0-1"]
[WhiteElo "2360"]
[BlackElo "2040"]

1.e4 c5 2.Nf3 e6 3.Nc3 Nc6 4.d4 cxd4 5.Nxd4 Nf6 6.Ndb5 d6 7.Bf4 e5 8.Bg5 a6
9.Na3 b5 10.Bxf6 gxf6 11.Nd5 f5 12.Bd3 Be6 13.c3 Bxd5 14.exd5 Ne7 15.Nxb5 Bg7
16.Na3 e4 17.Bc2 O-O 18.O-O Ng6 19.Qh5 Qf6 20.f4 Rab8 21.Nc4 Rxb2 22.Nxb2 Qxc3
23.Rac1 Qc5+ 24.Rf2 Bxb2 25.Rd1 Bd4 26.Rxd4 Qxd4 27.Qxf5 e3 28.Re2 Qa1+ 29.Bb1 Rb8
30.Re1 Qc3 31.Kf1 Rb2  0-1

[Event "ESP-chT"]
[Site "Cordoba"]
[Date "1995.??.??"]
[Round "7"]
[White "Magem Badals, Jorge"]
[Black "Sion Castro, Marcelino"]
[Result "1-0"]
[WhiteElo "2520"]
[BlackElo "2390"]

1.e4 c5 2.Nf3 e6 3.d4 cxd4 4.Nxd4 Nc6 5.Nc3 a6 6.Be2 Qc7 7.O-O Nf6 8.Be3 Bb4
9.Na4 b5 10.Nxc6 dxc6 11.Bc5 bxa4 12.Bxb4 c5 13.Ba3 Nxe4 14.Bf3 Bb7 15.Re1 f5
16.Bxe4 fxe4 17.Qh5+ g6 18.Qxc5 Qxc5 19.Bxc5 Rc8 20.Bd4 Rf8 21.Rac1 Ke7 22.h3 Rfd8
23.Be3 Kf6 24.b3 axb3 25.cxb3 Rxc1 26.Rxc1 Rc8 27.Rd1 Bd5 28.Rd4 Rc2 29.Ra4 Bb7
30.Ra5 e5 31.Ra4 Ke6 32.Rb4 Bd5 33.Ra4 Bb7 34.Kh2 Rc7 35.Kg3 Kf5 36.Rb4 Bd5
37.Kh4 h5 38.Rb8 Rc2 39.Rf8+ Ke6 40.Kg5 Rxa2 41.b4 Bc4 42.Rf6+ Kd5 43.Rxg6 Be2
44.g4 hxg4 45.hxg4 Rb2 46.Rb6 Bb5 47.Kf6 Rxb4 48.Re6 a5 49.g5 Rb1 50.g6 Rg1
51.Rxe5+ Kc4 52.g7  1-0

[Event "Coria op"]
[Site "Coria"]
[Date "1995.??.??"]
[Round "8"]
[White "Nogueroles, P."]
[Black "Pogorelov, Ruslan"]
[Result "0-1"]
[WhiteElo "2130"]
[BlackElo "2440"]

1.e4 c5 2.Nf3 Nc6 3.d4 cxd4 4.Nxd4 e6 5.Nc3 Qc7 6.Be2 a6 7.Be3 Nf6 8.O-O Bb4
9.Bd3 Ne5 10.Bf4 Bxc3 11.bxc3 d6 12.Ne2 Ng6 13.Bc1 O-O 14.c4 Ne5 15.Ba3 Rd8
16.Qd2 Nxc4 17.Qc3 b5 18.Rfd1 Bb7 19.Ng3 Rac8 20.Bxc4 Qxc4 21.Qxc4 Rxc4 22.e5 Nd5
23.exd6 b4 24.Bb2 Rxc2 25.Bd4 Rxd6 26.Ne4 Rdc6  0-1

[Event "CZE-chT 9495"]
[Site "?"]
[Date "1995.??.??"]
[Round "10"]
[White "Styblo, Michal"]
[Black "Salai, Ladislav"]
[Result "1/2-1/2"]
[WhiteElo "2265"]
[BlackElo "2425"]

1.e4 c5 2.Nf3 Nc6 3.Nc3 e6 4.d4 cxd4 5.Nxd4 Nf6 6.Be2 Bb4 7.O-O O-O 8.Qd3 d5
9.exd5 Nxd5 10.Nxd5 exd5 11.c3 Bc5 12.Nf3 Re8 13.Bd1 Ne5 14.Nxe5 Rxe5 15.Bf4 Re4
16.Bg3 Be6 17.Bf3 Ra4 18.Qb5 Ra5 19.Qxb7 Bb6 20.a4 Rc5 21.Qa6 Rac8 22.Qd3 Rc4
23.Rfd1 d4 24.Qe4 Qe8 25.cxd4 Rxa4 26.Rxa4 Qxa4 27.d5 Bd7 28.Qxa4 Bxa4 29.Re1 Bd4
30.d6 g6 31.b3 Bd7 32.Bd5 Bf6 33.Bc4 Kf8 34.f3 a5 35.Bd5 Rc5 36.Be4 Rc3 37.Bd5 Rd3
38.Bc4 Rc3 39.Bd5 Rd3 40.Bc4 Rc3 41.Bd5  1/2-1/2

[Event "CZE-chT1b"]
[Site "?"]
[Date "1995.??.??"]
[Round "?"]
[White "Karlik, Jiri"]
[Black "Michalek, Jan"]
[Result "0-1"]
[WhiteElo "2355"]
[BlackElo "2300"]

1.e4 c5 2.Nf3 Nc6 3.Nc3 e6 4.d4 cxd4 5.Nxd4 Nf6 6.Nxc6 bxc6 7.e5 Nd5 8.Nxd5 cxd5
9.Bd3 Qc7 10.Qe2 Bb4+ 11.Kf1 Be7 12.h4 Bb7 13.Bg5 Bf8 14.h5 h6 15.Bh4 d6
16.f4 Be7 17.Re1 dxe5 18.fxe5 O-O 19.Qg4 Bxh4 20.Rxh4 Qb6 21.Qg3 f5 22.a3 a5
23.b4 Ba6 24.Bxa6 Qxa6+ 25.Kg1 Rfc8 26.bxa5 Qxa5 27.Rb4 Qxa3 28.Rb3 Qc5+
29.Kh2 Ra4 30.Ree3 Rg4 31.Qf2 Qxc2 32.Qxc2 Rxc2 33.Rb8+ Kh7 34.Rg3 Rxg3 35.Kxg3 Re2
36.Rf8 Rxe5  0-1

[Event "CZE-chT2"]
[Site "?"]
[Date "1995.??.??"]
[Round "?"]
[White "Svatos, Jan"]
[Black "Trojan, Lubos"]
[Result "1-0"]
[WhiteElo "2290"]
[BlackElo "2200"]

1.e4 c5 2.Nf3 e6 3.d4 cxd4 4.Nxd4 Nc6 5.Nc3 a6 6.Nxc6 bxc6 7.Bd3 Qc7 8.O-O Nf6
9.f4 Bc5+ 10.Kh1 h5 11.e5 Ng4 12.Ne4 Qb6 13.Qe2 a5 14.f5 Nxe5 15.Ng5 Nxd3
16.cxd3 Ra7 17.Nxf7 O-O 18.Ng5 Be7 19.Qxh5 Bxg5 20.Bxg5 exf5 21.Be7 Rf7 22.Rxf5 Rxf5
23.Qxf5 Ra8 24.Rf1 Qe3 25.Qf8+ Kh7 26.Bf6 Qh6 27.Bxg7 Qe6 28.Qh8+  1-0

[Event "CZE-chT2"]
[Site "?"]
[Date "1995.??.??"]
[Round "?"]
[White "Vozka, Pavel"]
[Black "Trojan, Lubos"]
[Result "1/2-1/2"]
[WhiteElo "2205"]
[BlackElo "2200"]

1.e4 c5 2.Nf3 e6 3.d4 cxd4 4.Nxd4 Nc6 5.Nc3 Qc7 6.g3 a6 7.Bg2 Nge7 8.Nde2 b5
9.O-O Bb7 10.Nd5 Qd8 11.Ne3 Ng6 12.b3 Bc5 13.Bb2 O-O 14.Qd2 Qb6 15.Rad1 Rfd8
16.Nd4 Bf8 17.h4 Nge7 18.Qe2 Qa5 19.Ra1 Nxd4 20.Bxd4 d5 21.exd5 Nxd5 22.Nxd5 Bxd5
23.c3 b4 24.cxb4 Qxb4 25.Be3 Bxg2 26.Kxg2 a5 27.Rac1  1/2-1/2